[Event "Benidorm Satellite preliminary"]
[Site "playchess.com #007036"]
[Date "2009.10.24"]
[Round "3"]
[White "BLiTzcHAmP"]
[Black "Necromant"]
[Result "1-0"]
[WhiteElo "2724"]
[BlackElo "2465"]
[PlyCount "45"]
[EventDate "2009.10.24"]
[EventType "swiss (blitz)"]

1. e4 {[%emt 0:00:01]} c5 {[%emt 0:00:01]} 2. Nf3 {[%emt 0:00:01]} d6 {[%emt 0:
00:01]} 3. d4 {[%emt 0:00:01]} cxd4 {[%emt 0:00:00]} 4. Nxd4 {[%emt 0:00:00]}
Nf6 {[%emt 0:00:00]} 5. Nc3 {[%emt 0:00:01]} a6 {[%emt 0:00:01]} 6. Bc4 {[%emt
0:00:01]} e6 {[%emt 0:00:02]} 7. Bb3 {[%emt 0:00:01]} Nbd7 {[%emt 0:00:07]} 8.
f4 {[%emt 0:00:02]} b5 {[%emt 0:00:04]} 9. Qf3 {[%emt 0:00:03]} Nc5 {[%emt 0:
00:05]} 10. f5 {[%emt 0:00:01]} Bd7 {[%emt 0:00:21]} 11. g4 {[%emt 0:00:20]} b4
{[%emt 0:00:05]} 12. fxe6 {[%emt 0:00:06]} fxe6 {[%emt 0:00:01]} 13. Nce2 {
[%emt 0:00:01]} Nfxe4 {[%emt 0:00:10]} 14. Nxe6 {[%emt 0:00:14]} Qh4+ {[%emt 0:
00:39]} 15. Ng3 {[%emt 0:00:06]} Rc8 {[%emt 0:00:15]} 16. O-O {[%emt 0:00:40]}
Nxe6 {[%emt 0:00:31]} 17. Qxe4 {[%emt 0:00:05]} d5 {[%emt 0:00:24]} 18. Bxd5 {
[%emt 0:00:04]} Bc5+ {[%emt 0:00:06]} 19. Kh1 {[%emt 0:00:06]} Qe7 {[%emt 0:00:
28]} 20. Nf5 {[%emt 0:00:14]} Qf6 {[%emt 0:00:15]} 21. Nd6+ {[%emt 0:00:07] .}
Bxd6 {[%emt 0:00:03]} 22. Rxf6 {[%emt 0:00:00]} gxf6 {[%emt 0:00:02]} 23. Bxe6
{[%emt 0:00:01] Necromant resigns} 1-0

[Event "Benidorm Satellite preliminary"]
[Site "playchess.com #007036"]
[Date "2009.10.24"]
[Round "3"]
[White "Shakked"]
[Black "XxHUTIxx"]
[Result "0-1"]
[WhiteElo "1427"]
[BlackElo "1670"]
[PlyCount "138"]
[EventDate "2009.10.24"]
[EventType "swiss (blitz)"]

1. e4 {[%emt 0:00:01]} c5 {[%emt 0:00:02]} 2. Nf3 {[%emt 0:00:02]} e6 {[%emt 0:
00:01]} 3. d4 {[%emt 0:00:02]} cxd4 {[%emt 0:00:00]} 4. Nxd4 {[%emt 0:00:01]}
Nf6 {[%emt 0:00:01]} 5. Nc3 {[%emt 0:00:02]} Nc6 {[%emt 0:00:01]} 6. Nxc6 {
[%emt 0:00:02]} bxc6 {[%emt 0:00:02]} 7. e5 {[%emt 0:00:01]} Nd5 {[%emt 0:00:
01]} 8. Nxd5 {[%emt 0:00:02]} cxd5 {[%emt 0:00:00]} 9. Bf4 {[%emt 0:00:04]} d6
{[%emt 0:00:11]} 10. exd6 {[%emt 0:00:03]} Bxd6 {[%emt 0:00:04]} 11. Bxd6 {
[%emt 0:00:00]} Qxd6 {[%emt 0:00:02]} 12. c4 {[%emt 0:00:03]} Qb4+ {[%emt 0:00:
02]} 13. Qd2 {[%emt 0:00:06]} Qxd2+ {[%emt 0:00:03]} 14. Kxd2 {[%emt 0:00:01]}
Bb7 {[%emt 0:00:01]} 15. c5 {[%emt 0:00:03]} Ke7 {[%emt 0:00:05]} 16. Bb5 {
[%emt 0:00:06]} a5 {[%emt 0:00:05]} 17. a4 {[%emt 0:00:07]} Rhc8 {[%emt 0:00:
04]} 18. Rac1 {[%emt 0:00:03]} Bc6 {[%emt 0:00:03]} 19. Rc2 {[%emt 0:00:15]}
Rab8 {[%emt 0:00:01]} 20. Bxc6 {[%emt 0:00:03]} Rxc6 {[%emt 0:00:01]} 21. Rhc1
{[%emt 0:00:03]} Rb4 {[%emt 0:00:01]} 22. h3 {[%emt 0:00:07]} Rxa4 {[%emt 0:00:
02]} 23. b3 {[%emt 0:00:03]} Rb4 {[%emt 0:00:03]} 24. Rc3 {[%emt 0:00:01]} a4 {
[%emt 0:00:06]} 25. bxa4 {[%emt 0:00:06]} Rxa4 {[%emt 0:00:01]} 26. Kd3 {[%emt
0:00:04]} e5 {[%emt 0:00:08]} 27. g3 {[%emt 0:00:07]} Ke6 {[%emt 0:00:02]} 28.
f4 {[%emt 0:00:07]} e4+ {[%emt 0:00:07]} 29. Ke2 {[%emt 0:00:05]} d4 {[%emt 0:
00:03]} 30. Rc4 {[%emt 0:00:03]} Rxc4 {[%emt 0:00:04]} 31. Rxc4 {[%emt 0:00:02]
} Kd5 {[%emt 0:00:01]} 32. Rc1 {[%emt 0:00:04]} Rxc5 {[%emt 0:00:01]} 33. Rxc5+
{[%emt 0:00:01]} Kxc5 {[%emt 0:00:01]} 34. g4 {[%emt 0:00:01]} g6 {[%emt 0:00:
02]} 35. h4 {[%emt 0:00:04]} f5 {[%emt 0:00:04]} 36. g5 {[%emt 0:00:05]} Kc4 {
[%emt 0:00:07]} 37. h5 {[%emt 0:00:04]} Kc3 {[%emt 0:00:01]} 38. hxg6 {[%emt 0:
00:03]} hxg6 {[%emt 0:00:02]} 39. Ke1 {[%emt 0:00:01]} Kd3 {[%emt 0:00:02]} 40.
Kf2 {[%emt 0:00:00]} Kd2 {[%emt 0:00:01]} 41. Kf1 {[%emt 0:00:03]} Ke3 {[%emt
0:00:01]} 42. Ke1 {[%emt 0:00:01]} Kxf4 {[%emt 0:00:01]} 43. Kd2 {[%emt 0:00:
00]} Kxg5 {[%emt 0:00:01]} 44. Ke1 {[%emt 0:00:00]} d3 {[%emt 0:00:01]} 45. Kf1
{[%emt 0:00:00]} Kf4 {[%emt 0:00:01]} 46. Ke1 {[%emt 0:00:00]} Ke3 {[%emt 0:00:
01]} 47. Kf1 {[%emt 0:00:00]} g5 {[%emt 0:00:01]} 48. Ke1 {[%emt 0:00:00]} f4 {
[%emt 0:00:01]} 49. Kd1 {[%emt 0:00:00]} g4 {[%emt 0:00:01]} 50. Ke1 {[%emt 0:
00:00]} g3 {[%emt 0:00:01]} 51. Kf1 {[%emt 0:00:00]} d2 {[%emt 0:00:01]} 52.
Kg2 {[%emt 0:00:01]} d1=Q {[%emt 0:00:04]} 53. Kh3 {[%emt 0:00:00]} Qh1+ {
[%emt 0:00:04]} 54. Kg4 {[%emt 0:00:01]} g2 {[%emt 0:00:01]} 55. Kf5 {[%emt 0:
00:01]} g1=Q {[%emt 0:00:02]} 56. Kf6 {[%emt 0:00:01]} f3 {[%emt 0:00:01]} 57.
Kf5 {[%emt 0:00:02]} f2 {[%emt 0:00:01]} 58. Ke5 {[%emt 0:00:01]} f1=Q {[%emt
0:00:02]} 59. Kd5 {[%emt 0:00:01]} Kf2 {[%emt 0:00:02]} 60. Ke5 {[%emt 0:00:02]
} e3 {[%emt 0:00:01]} 61. Kd4 {[%emt 0:00:02]} e2 {[%emt 0:00:01]} 62. Kc5 {
[%emt 0:00:09]} e1=Q {[%emt 0:00:03]} 63. Kd6 {[%emt 0:00:00]} Kg2 {[%emt 0:00:
05]} 64. Kd5 {[%emt 0:00:05]} Kh2+ {[%emt 0:00:02]} 65. Kd6 {[%emt 0:00:00]}
Qgg3+ {[%emt 0:00:03]} 66. Kc5 {[%emt 0:00:02]} Qff2+ {[%emt 0:00:02]} 67. Kc4
{[%emt 0:00:01]} Qhe4+ {[%emt 0:00:02]} 68. Kb5 {[%emt 0:00:04]} Qb8+ {[%emt 0:
00:04]} 69. Ka6 {[%emt 0:00:06]} Qfe2# {[%emt 0:00:03]} 0-1

[Event "Benidorm Satellite preliminary"]
[Site "playchess.com #007036"]
[Date "2009.10.24"]
[Round "3"]
[White "Slobster"]
[Black "Lei"]
[Result "1-0"]
[WhiteElo "1662"]
[BlackElo "1378"]
[PlyCount "55"]
[EventDate "2009.10.24"]
[EventType "swiss (blitz)"]

1. e4 {[%emt 0:00:02]} e5 {[%emt 0:00:01]} 2. d4 {[%emt 0:00:02]} exd4 {[%emt
0:00:02]} 3. Qxd4 {[%emt 0:00:00]} Nc6 {[%emt 0:00:01]} 4. Qe3 {[%emt 0:00:01]}
Nf6 {[%emt 0:00:01]} 5. Nc3 {[%emt 0:00:01]} Bb4 {[%emt 0:00:02]} 6. Bd2 {
[%emt 0:00:00]} O-O {[%emt 0:00:01]} 7. O-O-O {[%emt 0:00:01]} Re8 {[%emt 0:00:
03]} 8. f3 {[%emt 0:00:04]} d5 {[%emt 0:00:06]} 9. Qf2 {[%emt 0:00:04]} d4 {
[%emt 0:00:04]} 10. Nce2 {[%emt 0:00:05]} Be6 {[%emt 0:00:11]} 11. Kb1 {[%emt
0:00:07]} Bxd2 {[%emt 0:00:11]} 12. Rxd2 {[%emt 0:00:02]} Qd6 {[%emt 0:00:09]}
13. Nxd4 {[%emt 0:00:05]} Rad8 {[%emt 0:00:09]} 14. c3 {[%emt 0:00:08]} b5 {
[%emt 0:00:24]} 15. Bxb5 {[%emt 0:00:07]} Nxd4 {[%emt 0:00:14]} 16. Bxe8 {
[%emt 0:00:09]} Bxa2+ {[%emt 0:00:15]} 17. Kxa2 {[%emt 0:00:08]} Qa6+ {[%emt 0:
00:02]} 18. Kb1 {[%emt 0:00:11]} Nxe8 {[%emt 0:01:03]} 19. Rxd4 {[%emt 0:00:04]
} Rb8 {[%emt 0:00:01]} 20. Qe2 {[%emt 0:00:08]} Qa3 {[%emt 0:00:26]} 21. Qd2 {
[%emt 0:00:15]} Nd6 {[%emt 0:00:11]} 22. e5 {[%emt 0:00:05]} Qc5 {[%emt 0:00:
10] '} 23. exd6 {[%emt 0:00:03]} cxd6 {[%emt 0:00:01]} 24. Rxd6 {[%emt 0:00:04]
} g6 {[%emt 0:00:01]} 25. Ne2 {[%emt 0:00:04]} Qe5 {[%emt 0:00:04]} 26. Rd8+ {
[%emt 0:00:04]} Rxd8 {[%emt 0:00:02]} 27. Qxd8+ {[%emt 0:00:01]} Kg7 {[%emt 0:
00:00]} 28. Qd4 {[%emt 0:00:00] Lei resigns} 1-0

[Event "Benidorm Satellite preliminary"]
[Site "playchess.com #007036"]
[Date "2009.10.24"]
[Round "3"]
[White "Scottie"]
[Black "Came On"]
[Result "0-1"]
[WhiteElo "2292"]
[BlackElo "2646"]
[PlyCount "70"]
[EventDate "2009.10.24"]
[EventType "swiss (blitz)"]

1. e4 {[%emt 0:00:00]} e5 {[%emt 0:00:04]} 2. Nc3 {[%emt 0:00:02]} Nc6 {[%emt
0:00:01]} 3. Bc4 {[%emt 0:00:02]} Bc5 {[%emt 0:00:01]} 4. Qg4 {[%emt 0:00:02]}
Kf8 {[%emt 0:00:23]} 5. Qf3 {[%emt 0:00:03]} Qf6 {[%emt 0:00:02]} 6. Nd5 {
[%emt 0:00:04]} Qxf3 {[%emt 0:00:01]} 7. Nxf3 {[%emt 0:00:00]} Bb6 {[%emt 0:00:
02]} 8. a4 {[%emt 0:00:07]} Nf6 {[%emt 0:00:10]} 9. Nxf6 {[%emt 0:00:02]} gxf6
{[%emt 0:00:03]} 10. d3 {[%emt 0:00:02]} d6 {[%emt 0:00:04]} 11. Be3 {[%emt 0:
00:13]} Ke7 {[%emt 0:00:02]} 12. c3 {[%emt 0:00:04]} Bg4 {[%emt 0:00:07]} 13.
Nd2 {[%emt 0:00:05]} a5 {[%emt 0:00:03]} 14. h3 {[%emt 0:00:02]} Be6 {[%emt 0:
00:01]} 15. Ke2 {[%emt 0:00:04]} Rhg8 {[%emt 0:00:08]} 16. g4 {[%emt 0:00:05]}
Bxe3 {[%emt 0:00:06]} 17. Kxe3 {[%emt 0:00:03]} h5 {[%emt 0:00:01]} 18. f3 {
[%emt 0:00:02]} Rh8 {[%emt 0:00:03]} 19. Rag1 {[%emt 0:00:12]} Rh7 {[%emt 0:00:
04]} 20. g5 {[%emt 0:00:04]} Rg7 {[%emt 0:00:15]} 21. gxf6+ {[%emt 0:00:08]}
Kxf6 {[%emt 0:00:00]} 22. Rxg7 {[%emt 0:00:01]} Kxg7 {[%emt 0:00:00]} 23. Rg1+
{[%emt 0:00:01]} Kf6 {[%emt 0:00:01]} 24. h4 {[%emt 0:00:02]} Ne7 {[%emt 0:00:
03]} 25. d4 {[%emt 0:00:23]} Ng6 {[%emt 0:00:03]} 26. Rh1 {[%emt 0:00:25]} Rg8
{[%emt 0:00:03]} 27. Rg1 {[%emt 0:00:02]} Rg7 {[%emt 0:00:02]} 28. Rh1 {[%emt
0:00:02]} Nf4 {[%emt 0:00:01]} 29. Bf1 {[%emt 0:00:01]} b6 {[%emt 0:00:16]} 30.
Kf2 {[%emt 0:00:05]} c5 {[%emt 0:00:07]} 31. d5 {[%emt 0:00:22]} Bd7 {[%emt 0:
00:03]} 32. Bb5 {[%emt 0:00:00]} Rg2+ {[%emt 0:00:03]} 33. Ke1 {[%emt 0:00:14]}
Bxb5 {[%emt 0:00:07]} 34. axb5 {[%emt 0:00:23]} Nd3+ {[%emt 0:00:01]} 35. Kd1 {
[%emt 0:00:01]} Nf2+ {[%emt 0:00:01] Scottie resigns} 0-1

[Event "Benidorm Satellite preliminary"]
[Site "playchess.com #007036"]
[Date "2009.10.24"]
[Round "3"]
[White "Mtudorache"]
[Black "Chess_Lion"]
[Result "0-1"]
[WhiteElo "1793"]
[BlackElo "2276"]
[PlyCount "56"]
[EventDate "2009.10.24"]
[EventType "swiss (blitz)"]

1. e4 {[%emt 0:00:17]} c5 {[%emt 0:00:02]} 2. Nf3 {[%emt 0:00:54]} d6 {[%emt 0:
00:02]} 3. d4 {[%emt 0:00:28]} cxd4 {[%emt 0:00:02]} 4. Nxd4 {[%emt 0:00:01]}
Nf6 {[%emt 0:00:01]} 5. Nc3 {[%emt 0:00:02]} a6 {[%emt 0:00:01]} 6. f3 {[%emt
0:00:03]} e5 {[%emt 0:00:02]} 7. Nb3 {[%emt 0:00:02]} Be6 {[%emt 0:00:05]} 8.
Be3 {[%emt 0:00:04]} Be7 {[%emt 0:00:03]} 9. Qd2 {[%emt 0:00:01]} Nbd7 {[%emt
0:00:01]} 10. g4 {[%emt 0:00:09]} h6 {[%emt 0:00:19]} 11. O-O-O {[%emt 0:00:01]
} Rc8 {[%emt 0:00:09]} 12. Kb1 {[%emt 0:00:01]} Qc7 {[%emt 0:00:02]} 13. Qf2 {
[%emt 0:00:01]} b5 {[%emt 0:00:07]} 14. Rc1 {[%emt 0:00:02]} Rb8 {[%emt 0:00:
11]} 15. Bd3 {[%emt 0:00:04]} b4 {[%emt 0:00:02]} 16. Ne2 {[%emt 0:00:02]} a5 {
[%emt 0:00:02]} 17. Ng3 {[%emt 0:00:04]} a4 {[%emt 0:00:06]} 18. Nd2 {[%emt 0:
00:00]} a3 {[%emt 0:00:02]} 19. b3 {[%emt 0:00:08]} Qc3 {[%emt 0:00:05]} 20.
Nc4 {[%emt 0:00:23]} Bxc4 {[%emt 0:00:04]} 21. Bd4 {[%emt 0:00:02]} exd4 {
[%emt 0:00:07]} 22. Qxd4 {[%emt 0:00:04]} Qxd4 {[%emt 0:00:02]} 23. c3 {[%emt
0:00:00]} Bxd3+ {[%emt 0:00:06]} 24. Ka1 {[%emt 0:00:03]} bxc3 {[%emt 0:00:02]}
25. Rc2 {[%emt 0:00:08]} Bxc2 {[%emt 0:00:03]} 26. Rc1 {[%emt 0:00:01]} Qd2 {
[%emt 0:00:03]} 27. Rh1 {[%emt 0:00:16]} Rxb3 {[%emt 0:00:05]} 28. Nf5 {[%emt
0:00:01]} Bd1 {[%emt 0:00:07] Tempo} 0-1

[Event "Benidorm Satellite preliminary"]
[Site "playchess.com #007036"]
[Date "2009.10.24"]
[Round "3"]
[White "Plamínek"]
[Black "Dimitri_Ovanov"]
[Result "0-1"]
[WhiteElo "2114"]
[BlackElo "1606"]
[PlyCount "74"]
[EventDate "2009.10.24"]
[EventType "swiss (blitz)"]

1. e4 {[%emt 0:00:05]} d6 {[%emt 0:00:05]} 2. Bc4 {[%emt 0:00:06]} Nf6 {[%emt
0:00:02]} 3. Qe2 {[%emt 0:00:03]} c5 {[%emt 0:00:01]} 4. h3 {[%emt 0:00:09]}
Nc6 {[%emt 0:00:01]} 5. Nf3 {[%emt 0:00:08]} g6 {[%emt 0:00:01]} 6. d3 {[%emt
0:00:06]} Bg7 {[%emt 0:00:01]} 7. O-O {[%emt 0:00:02]} O-O {[%emt 0:00:03]} 8.
a4 {[%emt 0:00:12]} a6 {[%emt 0:00:02]} 9. Nc3 {[%emt 0:00:14]} Nd7 {[%emt 0:
00:07]} 10. Nd5 {[%emt 0:00:15]} Nde5 {[%emt 0:00:01]} 11. Nxe5 {[%emt 0:00:03]
} Nxe5 {[%emt 0:00:02]} 12. Ba2 {[%emt 0:00:03]} e6 {[%emt 0:00:02]} 13. Ne3 {
[%emt 0:00:06]} Bd7 {[%emt 0:00:08]} 14. f4 {[%emt 0:00:06]} Nc6 {[%emt 0:00:
02]} 15. f5 {[%emt 0:00:18]} Nd4 {[%emt 0:00:26]} 16. c3 {[%emt 0:00:04]} Nxe2+
{[%emt 0:00:03]} 17. Kh2 {[%emt 0:00:06]} Nxc1 {[%emt 0:00:04]} 18. Raxc1 {
[%emt 0:00:04]} exf5 {[%emt 0:00:01]} 19. exf5 {[%emt 0:00:02]} Qg5 {[%emt 0:
00:01]} 20. Nd5 {[%emt 0:00:11]} Be5+ {[%emt 0:00:02]} 21. Kh1 {[%emt 0:00:03]}
Bxf5 {[%emt 0:00:02]} 22. Rce1 {[%emt 0:00:07]} Bxd3 {[%emt 0:00:04]} 23. Rf3 {
[%emt 0:00:08]} c4 {[%emt 0:00:05]} 24. Nb6 {[%emt 0:00:19]} Rae8 {[%emt 0:00:
04]} 25. Nxc4 {[%emt 0:00:11]} Bxc4 {[%emt 0:00:02]} 26. Bxc4 {[%emt 0:00:01]}
Qh4 {[%emt 0:00:20]} 27. Ref1 {[%emt 0:00:03]} Qxc4 {[%emt 0:00:02]} 28. g3 {
[%emt 0:00:12]} b5 {[%emt 0:00:04]} 29. axb5 {[%emt 0:00:02]} axb5 {[%emt 0:00:
02]} 30. R1f2 {[%emt 0:00:01]} b4 {[%emt 0:00:01]} 31. cxb4 {[%emt 0:00:03]}
Qxb4 {[%emt 0:00:02]} 32. Kg2 {[%emt 0:00:01]} Bxb2 {[%emt 0:00:03]} 33. h4 {
[%emt 0:00:04]} Re1 {[%emt 0:00:05]} 34. Rf4 {[%emt 0:00:03]} Qb7+ {[%emt 0:00:
06]} 35. R4f3 {[%emt 0:00:05]} Re3 {[%emt 0:00:04]} 36. g4 {[%emt 0:00:03]}
Rxf3 {[%emt 0:00:02]} 37. Rxf3 {[%emt 0:00:01]} Re8 {[%emt 0:00:01] Plamínek
gibt auf} 0-1

[Event "Benidorm Satellite preliminary"]
[Site "playchess.com #007036"]
[Date "2009.10.24"]
[Round "3"]
[White "Mau13"]
[Black "Dolorian"]
[Result "1-0"]
[WhiteElo "1856"]
[BlackElo "1492"]
[PlyCount "51"]
[EventDate "2009.10.24"]
[EventType "swiss (blitz)"]

1. e4 {[%emt 0:00:06]} c6 {[%emt 0:00:01]} 2. d4 {[%emt 0:00:02]} d5 {[%emt 0:
00:01]} 3. Nc3 {[%emt 0:00:06]} dxe4 {[%emt 0:00:02]} 4. Nxe4 {[%emt 0:00:01]}
Nf6 {[%emt 0:00:00]} 5. Ng3 {[%emt 0:00:01]} Bg4 {[%emt 0:00:16]} 6. Be2 {
[%emt 0:00:29]} Bxe2 {[%emt 0:00:02]} 7. N1xe2 {[%emt 0:00:01]} e6 {[%emt 0:00:
01]} 8. Bg5 {[%emt 0:00:02]} Nbd7 {[%emt 0:00:07]} 9. Qd2 {[%emt 0:00:01]} Qb6
{[%emt 0:00:02]} 10. O-O {[%emt 0:00:03]} Be7 {[%emt 0:00:27]} 11. c3 {[%emt 0:
00:05]} Nd5 {[%emt 0:00:10]} 12. Bxe7 {[%emt 0:00:04]} Nxe7 {[%emt 0:00:01]}
13. Ne4 {[%emt 0:00:03]} Nd5 {[%emt 0:00:04]} 14. Nd6+ {[%emt 0:00:02]} Ke7 {
[%emt 0:00:06]} 15. Nc4 {[%emt 0:00:00]} Qc7 {[%emt 0:00:10]} 16. Qg5+ {[%emt
0:00:08]} N7f6 {[%emt 0:00:07]} 17. Ne5 {[%emt 0:00:09]} g6 {[%emt 0:00:30]}
18. f4 {[%emt 0:00:21]} h6 {[%emt 0:00:09]} 19. Qh4 {[%emt 0:00:05]} Rag8 {
[%emt 0:00:25]} 20. Kh1 {[%emt 0:00:38]} g5 {[%emt 0:00:29]} 21. Qf2 {[%emt 0:
00:02]} g4 {[%emt 0:00:05]} 22. f5 {[%emt 0:00:02]} g3 {[%emt 0:00:18]} 23.
Nxg3 {[%emt 0:00:08]} Rg5 {[%emt 0:00:06]} 24. c4 {[%emt 0:00:05]} Nb4 {[%emt
0:00:04]} 25. fxe6 {[%emt 0:00:02]} Nd3 {[%emt 0:00:01]} 26. Qxf6+ {[%emt 0:00:
02] Time} 1-0

[Event "Benidorm Satellite preliminary"]
[Site "playchess.com #007036"]
[Date "2009.10.24"]
[Round "3"]
[White "Schachriese"]
[Black "JULIUS CEASER"]
[Result "0-1"]
[WhiteElo "2615"]
[BlackElo "2128"]
[PlyCount "66"]
[EventDate "2009.10.24"]
[EventType "swiss (blitz)"]

1. e4 {[%emt 0:00:04]} c5 {[%emt 0:00:01]} 2. c3 {[%emt 0:00:04]} Nf6 {[%emt 0:
00:03]} 3. e5 {[%emt 0:00:02]} Nd5 {[%emt 0:00:01]} 4. Nf3 {[%emt 0:00:01]} Nc6
{[%emt 0:00:02]} 5. d4 {[%emt 0:00:03]} cxd4 {[%emt 0:00:01]} 6. cxd4 {[%emt 0:
00:00]} e6 {[%emt 0:00:01]} 7. Bc4 {[%emt 0:00:07]} Nb6 {[%emt 0:00:01]} 8. Bd3
{[%emt 0:00:08]} d5 {[%emt 0:00:01]} 9. a3 {[%emt 0:00:10]} Be7 {[%emt 0:00:02]
} 10. h4 {[%emt 0:00:09]} Bd7 {[%emt 0:00:07]} 11. Nc3 {[%emt 0:00:02]} Rc8 {
[%emt 0:00:04]} 12. Bg5 {[%emt 0:00:12]} Na5 {[%emt 0:00:03]} 13. Rc1 {[%emt 0:
00:04]} Nbc4 {[%emt 0:00:03]} 14. Qe2 {[%emt 0:00:07]} Nb3 {[%emt 0:00:04]} 15.
Rd1 {[%emt 0:00:37]} Bxg5 {[%emt 0:00:29]} 16. hxg5 {[%emt 0:00:07]} h6 {[%emt
0:00:18]} 17. Bxc4 {[%emt 0:00:31]} Rxc4 {[%emt 0:00:03]} 18. Ne4 {[%emt 0:00:
01]} Qa5+ {[%emt 0:00:13]} 19. Kf1 {[%emt 0:00:01]} dxe4 {[%emt 0:00:10]} 20.
Qxc4 {[%emt 0:00:02]} Bb5 {[%emt 0:00:02]} 21. Qxb5+ {[%emt 0:00:18]} Qxb5+ {
[%emt 0:00:02]} 22. Kg1 {[%emt 0:00:00]} exf3 {[%emt 0:00:01]} 23. gxf3 {[%emt
0:00:07]} Qd5 {[%emt 0:00:20]} 24. Rd3 {[%emt 0:00:07]} Ke7 {[%emt 0:00:09]}
25. Kg2 {[%emt 0:00:05]} h5 {[%emt 0:00:04]} 26. Re1 {[%emt 0:00:05]} Rc8 {
[%emt 0:00:03]} 27. Ree3 {[%emt 0:00:02]} Nc1 {[%emt 0:00:06]} 28. Rd1 {[%emt
0:00:03]} Rc2 {[%emt 0:00:05]} 29. Ree1 {[%emt 0:00:07]} Nb3 {[%emt 0:00:06]}
30. Re3 {[%emt 0:00:04]} Rxb2 {[%emt 0:00:02]} 31. Kg3 {[%emt 0:00:03]} Rd2 {
[%emt 0:00:09]} 32. Rb1 {[%emt 0:00:05]} Nxd4 {[%emt 0:00:02]} 33. Rb4 {[%emt
0:00:03]} Nf5+ {[%emt 0:00:02] Schachriese gibt auf} 0-1

[Event "Benidorm Satellite preliminary"]
[Site "playchess.com #007036"]
[Date "2009.10.24"]
[Round "3"]
[White "Chesshero045"]
[Black "Chessir"]
[Result "1-0"]
[WhiteElo "1709"]
[BlackElo "1996"]
[PlyCount "61"]
[EventDate "2009.10.24"]
[EventType "swiss (blitz)"]

1. e4 {[%emt 0:00:02]} c6 {[%emt 0:00:05]} 2. d4 {[%emt 0:00:01]} d5 {[%emt 0:
00:01]} 3. exd5 {[%emt 0:00:00]} cxd5 {[%emt 0:00:03]} 4. c4 {[%emt 0:00:01]}
Nf6 {[%emt 0:00:02]} 5. Nf3 {[%emt 0:00:02]} e6 {[%emt 0:00:01]} 6. Nc3 {[%emt
0:00:02]} Nc6 {[%emt 0:00:04]} 7. Bd3 {[%emt 0:00:02]} dxc4 {[%emt 0:00:02]} 8.
Bxc4 {[%emt 0:00:01]} Bb4 {[%emt 0:00:02]} 9. O-O {[%emt 0:00:02]} Bxc3 {[%emt
0:00:03]} 10. bxc3 {[%emt 0:00:01]} Qc7 {[%emt 0:00:01]} 11. Bd3 {[%emt 0:00:
03]} h6 {[%emt 0:00:04]} 12. Bd2 {[%emt 0:00:03]} Bd7 {[%emt 0:00:03]} 13. Rc1
{[%emt 0:00:01]} O-O {[%emt 0:00:12]} 14. Bb1 {[%emt 0:00:02]} Ne7 {[%emt 0:00:
21]} 15. Ne5 {[%emt 0:00:06]} Rfd8 {[%emt 0:00:23]} 16. Qe2 {[%emt 0:00:33]}
Be8 {[%emt 0:00:11]} 17. Rfd1 {[%emt 0:00:02]} Nc6 {[%emt 0:00:43]} 18. Bf4 {
[%emt 0:00:06]} Qa5 {[%emt 0:00:36]} 19. Qf3 {[%emt 0:00:12]} Nxe5 {[%emt 0:00:
35]} 20. Bxe5 {[%emt 0:00:12] .} Bc6 {[%emt 0:00:02]} 21. Qg3 {[%emt 0:00:11]}
Nh5 {[%emt 0:00:03]} 22. Qg4 {[%emt 0:00:12]} g6 {[%emt 0:00:02]} 23. Bxg6 {
[%emt 0:00:03]} fxg6 {[%emt 0:00:01]} 24. Qxg6+ {[%emt 0:00:01]} Kf8 {[%emt 0:
00:01]} 25. Qxh5 {[%emt 0:00:03]} Qd5 {[%emt 0:00:03]} 26. Qxh6+ {[%emt 0:00:
11]} Kf7 {[%emt 0:00:02]} 27. Qg7+ {[%emt 0:00:05]} Ke8 {[%emt 0:00:01]} 28. c4
{[%emt 0:00:10]} Qe4 {[%emt 0:00:01]} 29. Re1 {[%emt 0:00:04]} Qf5 {[%emt 0:00:
04]} 30. Bf6 {[%emt 0:00:10]} Rd7 {[%emt 0:00:02]} 31. Qg8# {[%emt 0:00:04]}
1-0

[Event "Benidorm Satellite preliminary"]
[Site "playchess.com #007036"]
[Date "2009.10.24"]
[Round "3"]
[White "Ozmarabagi"]
[Black "Dr-Bassem"]
[Result "0-1"]
[WhiteElo "1934"]
[BlackElo "2849"]
[PlyCount "58"]
[EventDate "2009.10.24"]
[EventType "swiss (blitz)"]

1. d4 {[%emt 0:00:01]} Nf6 {[%emt 0:00:01]} 2. c4 {[%emt 0:00:01]} e6 {[%emt 0:
00:01]} 3. Nf3 {[%emt 0:00:01]} Bb4+ {[%emt 0:00:02]} 4. Bd2 {[%emt 0:00:05]}
c5 {[%emt 0:00:01]} 5. Bxb4 {[%emt 0:00:16]} cxb4 {[%emt 0:00:00]} 6. g3 {
[%emt 0:00:09]} O-O {[%emt 0:00:02]} 7. Bg2 {[%emt 0:00:13]} d6 {[%emt 0:00:01]
} 8. O-O {[%emt 0:00:07]} Nc6 {[%emt 0:00:01]} 9. Nbd2 {[%emt 0:00:07]} e5 {
[%emt 0:00:03]} 10. d5 {[%emt 0:00:04]} Nb8 {[%emt 0:00:01]} 11. a3 {[%emt 0:
00:04]} Na6 {[%emt 0:00:03]} 12. Ne1 {[%emt 0:00:04]} Bf5 {[%emt 0:00:32]} 13.
Nc2 {[%emt 0:00:12]} Qb6 {[%emt 0:00:12]} 14. Ne3 {[%emt 0:00:10]} Bg6 {[%emt
0:00:05]} 15. Qb3 {[%emt 0:00:11]} Nd7 {[%emt 0:00:02]} 16. Qa4 {[%emt 0:00:19]
} Ndc5 {[%emt 0:00:28]} 17. Qb5 {[%emt 0:00:06]} bxa3 {[%emt 0:00:05]} 18. Qxb6
{[%emt 0:00:09]} axb6 {[%emt 0:00:02]} 19. Rxa3 {[%emt 0:00:03]} Nb4 {[%emt 0:
00:04]} 20. Rfa1 {[%emt 0:00:04]} Ra6 {[%emt 0:00:02]} 21. Rxa6 {[%emt 0:00:28]
} bxa6 {[%emt 0:00:03]} 22. Nf3 {[%emt 0:00:15]} f5 {[%emt 0:00:14]} 23. Nh4 {
[%emt 0:00:06]} f4 {[%emt 0:00:17]} 24. Nxg6 {[%emt 0:00:13]} hxg6 {[%emt 0:00:
00]} 25. Nf1 {[%emt 0:00:06]} g5 {[%emt 0:00:06]} 26. Nd2 {[%emt 0:00:01]} Nc2
{[%emt 0:00:05]} 27. Rc1 {[%emt 0:00:07]} Nd4 {[%emt 0:00:01]} 28. Bf3 {[%emt
0:00:06]} fxg3 {[%emt 0:00:03]} 29. fxg3 {[%emt 0:00:02]} Rxf3 {[%emt 0:00:01]
Ozmarabagi rinde  (Lag: Av=0.73s, max=1.1s)} 0-1